Fútbol - Selecciones que le ganaron a España desde el 2000 - Estadísticas

Estadísticas generales
  • Esta prueba ha sido intentada 251 veces
  • La puntuación promedio es 12 de 17
Estadísticas de respuestas
Cantidad Primera Última Equipo % Correcto
3 2000 2021 Francia
96%
1 2016 2016 Italia
95%
1 2013 2013 Brasil
89%
1 2014 2014 Países Bajos
89%
1 2004 2004 Portugal
88%
1 2018 2018 Inglaterra
87%
2 2010 2022 Suiza
85%
1 2014 2014 Chile
79%
1 2022 2022 Japón
74%
2 2016 2018 Croacia
68%
2 2006 2021 Suecia
64%
1 2023 2023 Escocia
56%
1 2003 2003 Grecia
56%
1 2009 2009 Estados Unidos
53%
1 2000 2000 Noruega
45%
1 2020 2020 Ucrania
45%
1 2006 2006 Irlanda del Norte
22%
No se encontraron pruebas coincidentes
Distribución de puntuación
Porcentaje de gente con cada puntuación
Porcentaje por número respondido
Historial de tus puntuaciones
No has intentado esta prueba.